| Tag |
First Indicator |
Second Indicator |
Subfields |
| LEADER |
00000cam a2200000 a 4500 |
| 001 |
in00000016402 |
| 005 |
20151007052750.0 |
| 008 |
880120s1985 enkab b 00100 eng d |
| 010 |
|
|
|a gb 85031993
|
| 015 |
|
|
|a GB85-31993
|
| 020 |
|
|
|a 0903317281 :
|c £20.00
|
| 020 |
|
|
|a 090331729X (pbk) :
|c No price
|
| 035 |
|
|
|a (OCoLC)12506894
|
| 035 |
|
|
|9 AAA9090AM
|
| 040 |
|
|
|a UKM
|c UKM
|d TXA
|d UtOrBLW
|
| 049 |
|
|
|a TXAM
|c [A12644118]
|
| 050 |
1 |
0 |
|a TA455.A/
|
| 050 |
|
4 |
|a TA455.A63
|b A33 1985
|
| 082 |
0 |
|
|a 624.1/891
|2 19
|
| 245 |
0 |
0 |
|a Aggregates :
|b sand, gravel and crushed rock aggregates for construction purposes /
|c edited by L. Collis & R.A. Fox.
|
| 264 |
|
1 |
|a London :
|b Geological Society,
|c 1985.
|
| 300 |
|
|
|a xiii, 220 pages :
|b illustrations, maps ;
|c 26 cm.
|
| 336 |
|
|
|a text
|b txt
|2 rdacontent
|
| 337 |
|
|
|a unmediated
|b n
|2 rdamedia
|
| 338 |
|
|
|a volume
|b nc
|2 rdacarrier
|
| 490 |
1 |
|
|a Engineering geology special publication,
|x 0267-9914 ;
|v no.1
|
| 504 |
|
|
|a Includes bibliographies and index.
|
| 500 |
|
|
|a Spine title: Sand, gravel and crushed rock aggregates.
|
| 650 |
|
0 |
|a Aggregates (Building materials)
|
| 700 |
1 |
|
|a Collis, L.
|
| 700 |
1 |
|
|a Fox, R. A.
|q (Richard A)
|
| 710 |
2 |
|
|a Geological Society of London.
|
| 740 |
0 |
|
|a Sand, gravel and crushed rock aggregates.
|
| 830 |
|
0 |
|a Engineering geology special publication ;
|v no.1.
|
| 999 |
|
|
|a MARS
|
| 999 |
f |
f |
|s 22fe7a21-b6bb-317c-8d8f-4c70b9e7c9e7
|i 37204c21-a1e1-3005-ac47-4ac91b4fdf40
|t 0
|
| 952 |
f |
f |
|p ric
|a Texas A&M University
|b Rellis Campus
|c Joint Library Facility
|d Remote Storage
|t 0
|e TA455.A63 A33 1985
|h Library of Congress classification
|i unmediated -- volume
|m A14812644118
|
| 998 |
f |
f |
|a TA455.A63 A33 1985
|t 0
|l Remote Storage
|